Innecesárea /

Saved in:
Bibliografiske detaljer
Hovedforfatter: Anaid, Jessica, 1991- (Author)
Format: Electronisk eBog
Sprog:spansk
Udgivet: Ciudad de México : Fondo de Cultura Económica, 2023.
Udgivelse:Primera edición en libro electrónico.
Serier:Tierradentro (Fondo de Cultura Económica)
Fag:
Online adgang:Digitalia Hispánica
Tags: Tilføj Tag
Ingen Tags, Vær først til at tagge denne postø!

MARC

LEADER 00000nam a2200000Ii 4500
001 DIGFCE2629
003 NyNyDIG
006 m o d
007 cr |||||||||||
008 250204s2023 mx o 000 p spa d
035 |a (OCoLC)1427225260 
040 |a DGITA  |b eng  |e rda  |e pn  |c DGITA 
020 |a 9786071681386  |q (ePub) 
020 |a 9786071681379  |q (mobi) 
020 |z 9786071680570  |q (rústico) 
050 1 4 |a PQ7298.41.N27 ebook 
100 1 |a Anaid, Jessica,  |d 1991-  |e author. 
245 1 0 |a Innecesárea /  |c Jessica Anaid. 
250 |a Primera edición en libro electrónico. 
264 1 |a Ciudad de México :  |b Fondo de Cultura Económica,  |c 2023. 
300 |a 1 online resource. 
336 |a text  |b txt  |2 rdacontent 
337 |a computer  |b c  |2 rdamedia 
338 |a online resource  |b cr  |2 rdacarrier 
347 |a text file  |2 rdaft 
347 |b EPUB 
490 1 |a Tierradentro 
588 0 |a Online resource; title from ePub title page (Digitalia, viewed February 4, 2025) 
655 7 |a Poetry.  |2 lcgft 
791 2 |a Digitalia (Firm),  |e distributor. 
793 0 |g Digitalia eBook Collection:  |a Fondo de Cultura Económica 
776 0 8 |i Print version:  |a Anaid, Jessica, 1991-  |t Innecesárea.  |b Primera edición.  |d Ciudad de México : Fondo de Cultura Económica, 2023  |z 9786071680570 
830 0 |a Tierradentro (Fondo de Cultura Económica) 
856 4 0 |3 Digitalia Hispánica  |u https://digitalia.unach.elogim.com/a/161543/ 
910 |a Premium collection: 2025